00837nam a2200217 a 450000100100000000500170001000800410002702000150006804000250008308200130010824500780012125000130019926000330021230000210024549000170026650000670028383000240035095201110037495201170048599900170060200004079020201002034400.0130906s2007 sp 000 0 spa d a8478842594 aDO-SdBNPbspacBNPHU axxxbxxx00aRelatos fantásticos latinoamericanos 1. /cEduardo Galeano... [et.al.]. a7ma. ed. aMadrid, :bPopular,c[2007]. a103 p. ;c20 cm.1 aLetra grande aLa biblioteca posee la edic. 2007 y una reimpresión del 2008 0aLetra grande927167 001050718MOaGRbGRcCTd2013-09-06iLF1l0oxxx xxxp40790-10r2020-06-25w2020-06-25y1ZNo se presta 001050718MOaGRbGRcCTd2013-09-19iLF1l0oxxx xxxp40790-20r2020-06-25te. 2w2020-06-25y1ZNo se presta c40280d40280